000 00493cam a22001934a 4500
005 20250605164311.0
008 250528s ||||||||||||||||||||||||d
035 _a22502
020 _a9789603445012
040 _aGR-AtMCL
_bgre
_dGR-AtMCL
_eAACR2
245 1 _aΨΥΧΟΛΟΓΙΑ ΤΗΣ ΓΛΩΣΣΑΣ
250 _a10
260 _bΕλληνικά Γράμματα,
_c2009
300 _a206
700 1 _aΠητα Ρια
_94344
942 _cBK
999 _c7554
_d7554